Statystyki dla Państwa które mają eksklawy

Kliknij tutaj aby rozwiązać quiz!

Ogólne statystyki

  • Ten quiz został rozwiązany 20 razy
  • Średni wynik to 15 z 26

Statystyki odpowiedzi

KontynentLiczba EksklawKraj% Poprawnych
Europa2Rosja
94%
Ameryka Płn1USA
83%
Europa5Niemcy
78%
Europa1Włochy
78%
Ameryka Płd67Argentyna
67%
Europa4Hiszpania
67%
Azja1Indie
67%
Europa22Belgia
61%
Azja1Brunei
61%
Europa8Holandia
61%
Europa4Wielka Brytania
61%
Azja1Armenia
56%
Azja1Malezja
56%
Europa2Turcja
56%
Azja4Uzbekistan
56%
Azja1ZEA
56%
Ameryka Płn1Belize
50%
Europa1Bośnia
50%
Europa2Chorwacja
50%
Azja1Kirgistan
50%
Azja2Oman
50%
Azja3Tadżykistan
50%
Afryka1Angola
39%
Azja4Azerbejdżan
39%
Azja1Timor Wschodni
33%
Afryka2Malawi
28%

Rozkład punktacji

Percentyl według liczby udzielonych odpowiedzi

Procent ludzi z każdym wynikiem

Twoja historia wyników

Nie rozwiązałeś tego quizu